| 000 | 00425nam a2200157 a 4500 | ||
|---|---|---|---|
| 005 | 20140310183148.0 | ||
| 008 | 020826s19uu xx 00 eng d | ||
| 050 |
_aPZ 7 _b.L1573 1969 |
||
| 100 | _aLaing, Frederick | ||
| 245 |
_aA question of pride / _cFrederick Laing. |
||
| 260 |
_aNew York ; _bScholastic Book Services, _c1969. |
||
| 300 |
_a128 p. : _c17 cm. |
||
| 650 | _aFiction | ||
| 942 |
_cBK _2lcc |
||
| 999 |
_c19602 _d19602 |
||